[Event "77 España ch 2012"]
[Site "Maspalomas ESP"]
[Date "2012.10.02"]
[Round "4.29"]
[White "Rodriguez Manzaneda, Irene"]
[Black "Perez Aleman, Pedro Tomas"]
[Result "0-1"]
[WhiteElo "1709"]
[BlackElo "2110"]
[PlyCount "134"]
[EventDate "2012.09.29"]
[EventType "swiss"]
[EventRounds "9"]
[EventCountry "ESP"]
[Source "lmi"]
[SourceDate "2012.09.29"]

1. e4 e5 2. Nf3 Nc6 3. Bb5 a6 4. Bxc6 dxc6 5. O-O Bg4 6. h3 h5 7. d3 Qf6 8. Be3
Bxf3 9. Qxf3 Qxf3 10. gxf3 Bd6 11. Nd2 Ne7 12. Rfb1 c5 13. a3 Nc6 14. Kf1 g6
15. Ke2 f5 16. Nb3 b6 17. Rg1 f4 18. Bd2 Kf7 19. c3 b5 20. a4 bxa4 21. Rxa4
Rhb8 22. Na5 Nxa5 23. Rxa5 Rxb2 24. Rga1 Rb6 25. c4 Ke6 26. Bc3 Be7 27. R5a3
Kd6 28. Ra4 Ke6 29. R4a3 Bd6 30. Ra4 Kf6 31. Ra5 Kg5 32. Rg1+ Kf6 33. Rga1 Rb3
34. Kd2 Rbb8 35. Ke2 Rb6 36. R5a3 a5 37. Rxa5 Rxa5 38. Bxa5 Rb2+ 39. Bd2 Kg5
40. Rh1 Kh4 41. Kd1 c6 42. Rh2 Bc7 43. Bc3 Ra2 44. Ke1 Ba5 45. Bxa5 Rxa5 46.
Kd2 Ra2+ 47. Ke1 Rb2 48. Kd1 Rb1+ 49. Ke2 Rg1 50. Kd2 Kg5 51. Kc3 h4 52. Kd2
Kf6 53. Kc2 Ke6 54. Kc3 Kd6 55. Kc2 Kc7 56. Kc3 Kb6 57. Kc2 Ka5 58. Kb3 g5 59.
Kc2 Kb4 60. Kb2 Ka4 61. Kc2 Ka3 62. Kc3 Ka2 63. Kc2 Ka1 64. Kc3 Kb1 65. Kd2 Kb2
66. Ke2 Kc3 67. d4 cxd4 0-1

[Event "77 España ch 2012"]
[Site "Maspalomas ESP"]
[Date "2012.10.02"]
[Round "4.30"]
[White "Cuenca Jimenez, Francisco Javi"]
[Black "Alarcon Olmos, Daniel"]
[Result "1-0"]
[WhiteElo "2177"]
[BlackElo "1901"]
[PlyCount "95"]
[EventDate "2012.09.29"]
[EventType "swiss"]
[EventRounds "9"]
[EventCountry "ESP"]
[Source "lmi"]
[SourceDate "2012.09.29"]

1. c4 g6 2. g3 Bg7 3. Bg2 d6 4. Nc3 e5 5. e4 Nc6 6. Nge2 h5 7. h4 Nh6 8. d3 O-O
9. Rb1 Be6 10. Nd5 f5 11. Bg5 Qd7 12. O-O Nd4 13. Nxd4 exd4 14. Ne7+ Kh7 15.
exf5 Nxf5 16. Nxf5 Bxf5 17. Bxb7 Rae8 18. Bg2 Qe6 19. Qd2 Qe2 20. Rbd1 Re5 21.
f3 Rfe8 22. Qc1 R5e6 23. Bf4 Be5 24. Bxe5 Rxe5 25. Qd2 Re3 26. Qa5 Rxd3 27.
Rde1 Rd2 28. Qxc7+ Kh6 29. Rxe2 Rexe2 30. Bh1 Bh3 31. g4 hxg4 32. fxg4 Bxf1 33.
g5+ Kh5 34. Bf3+ Kxh4 35. Bxe2 Bxe2 36. Qxd6 Rd1+ 37. Kf2 d3 38. Qxg6 Rf1+ 39.
Ke3 Rf3+ 40. Kd2 Rg3 41. c5 Bf1 42. Qh6+ Kg4 43. g6 Rg2+ 44. Kd1 Be2+ 45. Ke1
Bf3 46. g7 Bd5 47. Qg6+ Kf3 48. Qxd3+ 1-0

[Event "77 España ch 2012"]
[Site "Maspalomas ESP"]
[Date "2012.10.02"]
[Round "4.31"]
[White "Trujillo Alvarado, Ivan"]
[Black "Marrero Cardenes, Agustin"]
[Result "1/2-1/2"]
[WhiteElo "2151"]
[BlackElo "1937"]
[PlyCount "65"]
[EventDate "2012.09.29"]
[EventType "swiss"]
[EventRounds "9"]
[EventCountry "ESP"]
[Source "lmi"]
[SourceDate "2012.09.29"]

1. d4 Nf6 2. Nf3 g6 3. g3 Bg7 4. Bg2 O-O 5. O-O c6 6. c3 d5 7. Nbd2 Nbd7 8. Re1
e5 9. dxe5 Ng4 10. e4 dxe4 11. Nxe4 Ngxe5 12. Bg5 Qb6 13. Nxe5 Nxe5 14. Nf6+
Bxf6 15. Bxf6 Ng4 16. Bd4 c5 17. Be5 Nxe5 18. Rxe5 Qxb2 19. Rxc5 Bf5 20. Qc1
Qb6 21. Rc4 a5 22. Rh4 h5 23. Bf3 Rac8 24. Kg2 Qf6 25. Rd4 Bh3+ 26. Kxh3 Qxf3
27. Qf4 Rxc3 28. Rb1 Qxf4 29. Rxf4 Ra3 30. Rxb7 Rxa2 31. Kg2 Kg7 32. Ra7 Ra3
33. h4 1/2-1/2

[Event "77 España ch 2012"]
[Site "Maspalomas ESP"]
[Date "2012.10.02"]
[Round "4.32"]
[White "Rodriguez Melian, Jose Luis"]
[Black "Monzon Aleman, Ayoze"]
[Result "1-0"]
[WhiteElo "2088"]
[BlackElo "1727"]
[PlyCount "73"]
[EventDate "2012.09.29"]
[EventType "swiss"]
[EventRounds "9"]
[EventCountry "ESP"]
[Source "lmi"]
[SourceDate "2012.09.29"]

1. d4 Nf6 2. c4 e6 3. g3 d5 4. Bg2 Be7 5. Nf3 O-O 6. Nbd2 h6 7. O-O Nbd7 8. Qc2
Re8 9. Rd1 b6 10. e4 dxe4 11. Nxe4 c6 12. Ne5 Nxe4 13. Nxc6 Qc7 14. Nxe7+ Rxe7
15. Bxe4 Bb7 16. Bf4 Bxe4 17. Qxe4 Qc8 18. Rac1 Nf6 19. Qe2 Qb7 20. Be5 Ne8 21.
b4 Rc8 22. h4 f6 23. Bf4 g5 24. hxg5 hxg5 25. Bd2 Rcc7 26. Re1 Ng7 27. Qe4 Qa6
28. d5 Rcd7 29. Qg6 Qc8 30. Qxf6 Rf7 31. Qg6 exd5 32. cxd5 Qf8 33. Bc3 Rxd5 34.
Bxg7 Qxg7 35. Rc8+ Rf8 36. Rxf8+ Kxf8 37. Re8# 1-0

[Event "77 España ch 2012"]
[Site "Maspalomas ESP"]
[Date "2012.10.02"]
[Round "4.33"]
[White "Guerrero Ruiz, Jose Luis"]
[Black "Suarez Buceta, Melquiades"]
[Result "1-0"]
[WhiteElo "1720"]
[BlackElo "1425"]
[PlyCount "28"]
[EventDate "2012.09.29"]
[EventType "swiss"]
[EventRounds "9"]
[EventCountry "ESP"]
[Source "lmi"]
[SourceDate "2012.09.29"]

1. d4 d5 2. Nf3 Nf6 3. Bf4 e6 4. e3 Nc6 5. Bd3 Bd6 6. Ne5 O-O 7. Nd2 Nd7 8.
Bxh7+ Kxh7 9. Qh5+ Kg8 10. Ndf3 Ndxe5 11. dxe5 Be7 12. h4 Qe8 13. Ng5 Bxg5 14.
hxg5 f6 1-0

[Event "77 España ch 2012"]
[Site "Maspalomas ESP"]
[Date "2012.10.02"]
[Round "4.34"]
[White "Gonzalez Intelangelo, Gerardo"]
[Black "Santana Montjoy, Javier"]
[Result "1/2-1/2"]
[WhiteElo "2010"]
[BlackElo "1704"]
[PlyCount "57"]
[EventDate "2012.09.29"]
[EventType "swiss"]
[EventRounds "9"]
[EventCountry "ESP"]
[Source "lmi"]
[SourceDate "2012.09.29"]

1. c4 c5 2. Nc3 g6 3. g3 Bg7 4. Bg2 Nf6 5. e4 d6 6. Nge2 O-O 7. O-O Nc6 8. d3
a6 9. a4 Rb8 10. h3 Ne8 11. Bg5 Nc7 12. Qd2 b5 13. axb5 axb5 14. cxb5 Nxb5 15.
Bh6 Nbd4 16. Bxg7 Kxg7 17. Nxd4 Nxd4 18. Ne2 Nxe2+ 19. Qxe2 Be6 20. f4 Qb6 21.
Rf2 Bd7 22. f5 Rb7 23. Raf1 Rc7 24. Qe3 Qb4 25. e5 Bxf5 26. exd6 exd6 27. Rxf5
gxf5 28. Qg5+ Kh8 29. Qf6+ 1/2-1/2

[Event "77 España ch 2012"]
[Site "Maspalomas ESP"]
[Date "2012.10.02"]
[Round "4.35"]
[White "Moya Mallafre, Erik"]
[Black "Moreno Cameno, Juan Carlos"]
[Result "1-0"]
[WhiteElo "1988"]
[BlackElo "1686"]
[PlyCount "39"]
[EventDate "2012.09.29"]
[EventType "swiss"]
[EventRounds "9"]
[EventCountry "ESP"]
[Source "lmi"]
[SourceDate "2012.09.29"]

1. Nf3 Nf6 2. c4 c5 3. Nc3 g6 4. d4 cxd4 5. Nxd4 Bg7 6. e4 d6 7. Be2 O-O 8. Be3
Bd7 9. O-O Nc6 10. Qd2 Rc8 11. f3 Qa5 12. Rfd1 a6 13. Nxc6 Bxc6 14. Nd5 Qd8 15.
Nb6 Rb8 16. Rac1 Nd7 17. Nxd7 Qxd7 18. c5 Rfd8 19. cxd6 Qxd6 20. Qa5 1-0

[Event "77 España ch 2012"]
[Site "Maspalomas ESP"]
[Date "2012.10.02"]
[Round "4.36"]
[White "De La Hoz Sanchez, Ruben"]
[Black "Rodriguez Garcia, Antonio Jose"]
[Result "1/2-1/2"]
[WhiteElo "1973"]
[BlackElo "2087"]
[PlyCount "121"]
[EventDate "2012.09.29"]
[EventType "swiss"]
[EventRounds "9"]
[EventCountry "ESP"]
[Source "lmi"]
[SourceDate "2012.09.29"]

1. f4 d5 2. Nf3 e6 3. e3 f5 4. b3 Nf6 5. Bb2 Be7 6. Be2 O-O 7. O-O Bd7 8. c4 c6
9. Ne5 Be8 10. d4 Nbd7 11. Nd2 Nxe5 12. dxe5 Nd7 13. Nf3 Nc5 14. Nd4 Bf7 15. b4
Ne4 16. b5 c5 17. Nb3 Qd7 18. Qc2 Qc7 19. a4 Rfd8 20. Rfd1 Rd7 21. Bf3 Rad8 22.
Rac1 b6 23. a5 dxc4 24. Qxc4 Nd2 25. Nxd2 Rxd2 26. axb6 axb6 27. Rxd2 Rxd2 28.
Bc3 Rd8 29. Ra1 Qd7 30. Be2 Qd5 31. Ra7 Qxc4 32. Bxc4 Rd1+ 33. Kf2 Rc1 34. Rxe7
Kf8 35. Rb7 Rxc3 36. Bf1 Rc2+ 37. Ke1 Rc1+ 38. Kf2 Rc2+ 39. Kg1 c4 40. Rxb6 Be8
41. Rb8 c3 42. Rc8 Ke7 43. Rc7+ Kd8 44. b6 Rb2 45. Rxc3 Rxb6 46. Kf2 Bc6 47.
Rc2 Bd5 48. Be2 Rb3 49. Bf3 Bxf3 50. Kxf3 Kd7 51. Ra2 Ke7 52. Rc2 Kf7 53. g4
Kg6 54. h3 h5 55. gxf5+ exf5 56. Ke2 Rb1 57. Rc6+ Kf7 58. Rc7+ Kg6 59. Rc6+ Kf7
60. e6+ Kf6 61. Rc7 1/2-1/2

[Event "77 España ch 2012"]
[Site "Maspalomas ESP"]
[Date "2012.10.02"]
[Round "4.37"]
[White "Guerrero Orihuela, Jose Luis"]
[Black "Perez Castellano, Susana"]
[Result "0-1"]
[WhiteElo "1562"]
[BlackElo "1876"]
[PlyCount "116"]
[EventDate "2012.09.29"]
[EventType "swiss"]
[EventRounds "9"]
[EventCountry "ESP"]
[Source "lmi"]
[SourceDate "2012.09.29"]

1. d4 Nf6 2. c4 c5 3. d5 b5 4. cxb5 a6 5. bxa6 Bxa6 6. Nf3 d6 7. Nc3 g6 8. g3
Bg7 9. Bg2 O-O 10. O-O Nbd7 11. Qc2 Ng4 12. Rb1 Nge5 13. Rd1 Qb6 14. Nxe5 Nxe5
15. b3 Rfe8 16. Bd2 Qa7 17. f4 c4+ 18. Kh1 Ng4 19. Ne4 cxb3 20. Rxb3 Bb5 21.
Rdb1 Rec8 22. Qd1 Ba4 23. Bh3 h5 24. Bxg4 hxg4 25. e3 Bxb3 26. axb3 Qa2 27. Rc1
Rxc1 28. Bxc1 Qb1 29. Nd2 Qd3 30. Qxg4 Ra1 31. Qc8+ Bf8 32. Kg2 Ra2 33. f5
Rxd2+ 34. Bxd2 Qxd2+ 35. Kf3 Qxd5+ 36. e4 Qxb3+ 37. Kf4 Qb2 38. fxg6 Qf6+ 39.
Ke3 Qxg6 40. g4 Qg5+ 41. Kf3 Qf6+ 42. Ke3 Qh4 43. Qf5 Bh6+ 44. Kf3 Qh3+ 45. Ke2
Qxh2+ 46. Kd3 Qd2+ 47. Kc4 Qc2+ 48. Kb5 Qb3+ 49. Kc6 Qa4+ 50. Kc7 Bd2 51. Kb7
Qb4+ 52. Kc6 Qc5+ 53. Qxc5 dxc5 54. Kxc5 Kg7 55. Kd5 Kf6 56. Kd4 Kg5 57. Kd3
Ba5 58. Kd4 Kxg4 0-1

[Event "77 España ch 2012"]
[Site "Maspalomas ESP"]
[Date "2012.10.02"]
[Round "4.38"]
[White "Buet, Samuel"]
[Black "Aleman Alamo, Nicolas"]
[Result "1-0"]
[WhiteElo "1845"]
[BlackElo "1549"]
[PlyCount "97"]
[EventDate "2012.09.29"]
[EventType "swiss"]
[EventRounds "9"]
[EventCountry "ESP"]
[Source "lmi"]
[SourceDate "2012.09.29"]

1. c4 Nf6 2. g3 e6 3. Bg2 c6 4. Nf3 d6 5. Nc3 Be7 6. O-O Nbd7 7. d4 O-O 8. e4
e5 9. d5 Re8 10. Nh4 Nf8 11. h3 h6 12. Nf5 Bxf5 13. exf5 N8h7 14. b4 Qd7 15.
Kh2 Rac8 16. g4 cxd5 17. Nxd5 Rxc4 18. Nxe7+ Qxe7 19. Qa4 b6 20. Rd1 Ng5 21.
Bxg5 hxg5 22. Bd5 Rf4 23. Bc6 Rd8 24. Rd2 Ne4 25. Bxe4 Rxe4 26. Rad1 Rd4 27.
Rxd4 exd4 28. Qc2 Qe5+ 29. Kg1 d5 30. Qd2 Qf4 31. Qxf4 gxf4 32. Rxd4 Kf8 33.
Rxf4 d4 34. Kf1 d3 35. Ke1 Re8+ 36. Kd1 Re2 37. a4 Ra2 38. b5 Rc2 39. g5 Ra2
40. h4 Rc2 41. f3 Ra2 42. Rc4 Re2 43. Rc8+ Re8 44. Rxe8+ Kxe8 45. Kd2 Ke7 46.
Kxd3 Kd6 47. Kd4 f6 48. g6 Kc7 49. Kd5 1-0

[Event "77 España ch 2012"]
[Site "Maspalomas ESP"]
[Date "2012.10.02"]
[Round "4.39"]
[White "Roque Hernandez, Francisco"]
[Black "Lopez Rivera, Jesus"]
[Result "0-1"]
[WhiteElo "1548"]
[BlackElo "1839"]
[PlyCount "66"]
[EventDate "2012.09.29"]
[EventType "swiss"]
[EventRounds "9"]
[EventCountry "ESP"]
[Source "lmi"]
[SourceDate "2012.09.29"]

1. e4 c5 2. Nf3 d6 3. d4 cxd4 4. Nxd4 Nf6 5. Nc3 g6 6. Bd3 Bg7 7. O-O O-O 8.
Be3 Ng4 9. Qd2 Nxe3 10. fxe3 Nc6 11. Nxc6 bxc6 12. Nd1 Qb6 13. c3 Be6 14. Rb1
Bxa2 15. Ra1 Be6 16. Ra6 Qc7 17. Nf2 Bc8 18. Ra4 c5 19. Bc4 a5 20. Rfa1 Bd7 21.
R4a3 Rfb8 22. Bd5 Ra7 23. Nd3 c4 24. Nb4 e6 25. Nc6 Bxc6 26. Bxc6 Qxc6 27. Rxa5
Rxa5 28. Rxa5 Qb6 29. Ra2 Bh6 30. Kf2 d5 31. exd5 exd5 32. Ke2 Re8 33. Kd1 Qb3+
0-1

[Event "77 España ch 2012"]
[Site "Maspalomas ESP"]
[Date "2012.10.02"]
[Round "4.40"]
[White "Gonzalez Perez, Cristina"]
[Black "Morales Sanchez, Domingo"]
[Result "1-0"]
[WhiteElo "1802"]
[BlackElo "1512"]
[PlyCount "55"]
[EventDate "2012.09.29"]
[EventType "swiss"]
[EventRounds "9"]
[EventCountry "ESP"]
[Source "lmi"]
[SourceDate "2012.09.29"]

1. e4 e5 2. Nf3 Nc6 3. Bb5 Nd4 4. Nxd4 exd4 5. O-O Bd6 6. e5 Bf8 7. c3 a6 8.
Ba4 b5 9. Qf3 Rb8 10. Bb3 Qe7 11. cxd4 g6 12. Nc3 Bb7 13. Bd5 c6 14. Be4 Bg7
15. Qg3 Qd8 16. f4 Ne7 17. f5 Nd5 18. fxg6 hxg6 19. Nxd5 cxd5 20. Bxg6 Rf8 21.
d3 Qb6 22. e6 Bxd4+ 23. Kh1 d6 24. Bxf7+ Kd8 25. Bg5+ Kc7 26. Rac1+ Bc6 27. Bf4
Be5 28. d4 1-0

[Event "77 España ch 2012"]
[Site "Maspalomas ESP"]
[Date "2012.10.02"]
[Round "4.41"]
[White "Biscarri Candalia, Oscar"]
[Black "Sanchez Montesdeoca, Isaac"]
[Result "1/2-1/2"]
[WhiteElo "1531"]
[BlackElo "1771"]
[PlyCount "150"]
[EventDate "2012.09.29"]
[EventType "swiss"]
[EventRounds "9"]
[EventCountry "ESP"]
[Source "lmi"]
[SourceDate "2012.09.29"]

1. d4 b6 2. c4 Bb7 3. Nc3 e6 4. Qc2 Nf6 5. f3 Na6 6. a3 c5 7. e3 Nc7 8. Bd3 Rc8
9. Nge2 Be7 10. dxc5 Bxc5 11. b4 Be7 12. e4 e5 13. Ng3 g6 14. Bb2 Bd6 15. Qe2
h5 16. h4 Ne6 17. Nb5 Bb8 18. a4 a6 19. Na3 Qe7 20. Nc2 Nf4 21. Qd2 O-O 22. Ne3
Qe6 23. Rc1 Bd6 24. Ba3 a5 25. c5 axb4 26. Bc4 Qe8 27. Bxb4 Bxc5 28. Bxc5 Rxc5
29. Qd6 Rc6 30. Qd2 Qc8 31. O-O Qb8 32. Rfd1 Rfc8 33. Bb5 Rxc1 34. Rxc1 Rxc1+
35. Qxc1 Qc8 36. Qxc8+ Bxc8 37. Nc4 Ne6 38. Nd6 Bb7 39. Nxb7 Kf8 40. Nd6 Nd4
41. Nc4 Ke7 42. Nxb6 Kd6 43. Bc4 Kc5 44. Bxf7 Kxb6 45. Bxg6 Ka5 46. Nxh5 Ng8
47. Be8 d6 48. Ng3 Nf6 49. Bg6 Ne6 50. Nf5 Kxa4 51. Nxd6 Kb4 52. h5 Kc5 53. Nf5
Nf8 54. g4 Kc6 55. h6 Nxg6 56. Kf2 Kd7 57. Kg3 Ke6 58. Nh4 Nf4 59. g5 Nh7 60.
g6 Nxg6 61. Nxg6 Kf6 62. Nh4 Kg5 63. Nf5 Nf6 64. Ne3 Kxh6 65. Ng4+ Nxg4 66.
Kxg4 Kg6 67. Kh4 Kh6 68. Kg4 Kg6 69. f4 exf4 70. Kxf4 Kf6 71. e5+ Ke6 72. Ke4
Ke7 73. Kf5 Kf7 74. e6+ Ke7 75. Ke5 Ke8 1/2-1/2

[Event "77 España ch 2012"]
[Site "Maspalomas ESP"]
[Date "2012.10.02"]
[Round "4.42"]
[White "Rodriguez Mellado, Antonio"]
[Black "Haarkotter Martin, Michael"]
[Result "1-0"]
[WhiteElo "1760"]
[BlackElo "1430"]
[PlyCount "27"]
[EventDate "2012.09.29"]
[EventType "swiss"]
[EventRounds "9"]
[EventCountry "ESP"]
[Source "lmi"]
[SourceDate "2012.09.29"]

1. e4 e5 2. Nf3 d6 3. d4 exd4 4. Nxd4 Nf6 5. Nc3 Nbd7 6. Bc4 Ne5 7. Bb3 Be7 8.
f4 Ned7 9. O-O Nc5 10. e5 dxe5 11. Bxf7+ Kf8 12. fxe5 Kxf7 13. exf6 Bxf6 14.
Qh5+ 1-0

[Event "77 España ch 2012"]
[Site "Maspalomas ESP"]
[Date "2012.10.02"]
[Round "4.43"]
[White "Suarez Ramirez, Jonay"]
[Black "Cruz Ramirez, Nauzet"]
[Result "0-1"]
[WhiteElo "1523"]
[BlackElo "1760"]
[PlyCount "62"]
[EventDate "2012.09.29"]
[EventType "swiss"]
[EventRounds "9"]
[EventCountry "ESP"]
[Source "lmi"]
[SourceDate "2012.09.29"]

1. d4 Nf6 2. c4 c5 3. e3 e6 4. Nf3 Be7 5. Nc3 O-O 6. Bd3 b6 7. O-O Bb7 8. Re1
d5 9. cxd5 exd5 10. a3 Nc6 11. Bd2 Rc8 12. Rc1 Re8 13. Bf5 Ra8 14. Bd3 Rc8 15.
Bf5 Ra8 16. Bd3 Bf8 17. Ne2 Ne4 18. Nc3 f5 19. Bb5 a6 20. Ba4 b5 21. Bb3 c4 22.
Bc2 Qd7 23. Nh4 Be7 24. Nf3 Rad8 25. Ne2 Qd6 26. Nf4 Qh6 27. h3 g5 28. Ne2 Rf8
29. Nh2 Bd6 30. f3 Bxh2+ 31. Kxh2 Nf2 0-1

[Event "77 España ch 2012"]
[Site "Maspalomas ESP"]
[Date "2012.10.02"]
[Round "4.44"]
[White "Diaz Perez, Jose Juan"]
[Black "Amador Garcia, Ismael"]
[Result "1-0"]
[WhiteElo "1730"]
[BlackElo "1427"]
[PlyCount "93"]
[EventDate "2012.09.29"]
[EventType "swiss"]
[EventRounds "9"]
[EventCountry "ESP"]
[Source "lmi"]
[SourceDate "2012.09.29"]

1. d4 Nf6 2. c4 g6 3. Nc3 Bg7 4. Nf3 O-O 5. Bf4 d6 6. h3 Nbd7 7. e3 c6 8. Be2
Nb6 9. Qc2 Be6 10. b3 Qc7 11. O-O Rfd8 12. Rac1 Nh5 13. Bh2 h6 14. Qb1 Qd7 15.
Rfd1 Bxh3 16. gxh3 Qxh3 17. Qe4 Qd7 18. Nd2 Nf6 19. Qh4 d5 20. c5 Nc8 21. Nf3
Qf5 22. Ne5 g5 23. Qg3 Ne4 24. Nxe4 dxe4 25. Bg4 Qh7 26. Bh5 Rf8 27. Nd7 Rd8
28. Qc7 Re8 29. Qxb7 Qf5 30. d5 g4 31. dxc6 Qxh5 32. Qxa8 Nd6 33. Qxa7 Nf5 34.
c7 Qh3 35. Bg3 Nxg3 36. fxg3 Qxg3+ 37. Kf1 Qf3+ 38. Ke1 Qxe3+ 39. Kf1 g3 40.
Kg2 Qf3+ 41. Kh3 g2+ 42. Kh2 Qf2 43. Rg1 h5 44. Qb8 Qf4+ 45. Kxg2 Rxb8 46.
cxb8=Q+ Qxb8 47. Nxb8 1-0

[Event "77 España ch 2012"]
[Site "Maspalomas ESP"]
[Date "2012.10.02"]
[Round "4.45"]
[White "Salcedo Izquierdo, Rafael"]
[Black "Garceran Izquierdo, Ruben"]
[Result "0-1"]
[WhiteElo "1445"]
[BlackElo "1719"]
[PlyCount "56"]
[EventDate "2012.09.29"]
[EventType "swiss"]
[EventRounds "9"]
[EventCountry "ESP"]
[Source "lmi"]
[SourceDate "2012.09.29"]

1. d4 c5 2. e3 cxd4 3. exd4 e6 4. Nf3 Nf6 5. g3 Be7 6. Bg2 O-O 7. O-O d5 8. c3
Nc6 9. Bf4 Ne4 10. Nbd2 Bd6 11. Bxd6 Nxd6 12. Re1 Bd7 13. Ne5 Nxe5 14. Rxe5 Bb5
15. Bf1 Bxf1 16. Qxf1 Qb6 17. Rb1 Rac8 18. Qd3 Nf5 19. g4 f6 20. Ree1 Nh6 21.
h3 Qd6 22. Re2 Nf7 23. Rbe1 Rce8 24. Kg2 Nd8 25. Qg3 Qa6 26. a3 Qb6 27. Nb3
Qxb3 28. Qd6 Qb6 0-1

[Event "77 España ch 2012"]
[Site "Maspalomas ESP"]
[Date "2012.10.02"]
[Round "4.46"]
[White "Ruiz Delgado, Basilio"]
[Black "Rodriguez Rodriguez, Eduardo"]
[Result "1/2-1/2"]
[WhiteElo "1718"]
[BlackElo "1401"]
[PlyCount "85"]
[EventDate "2012.09.29"]
[EventType "swiss"]
[EventRounds "9"]
[EventCountry "ESP"]
[Source "lmi"]
[SourceDate "2012.09.29"]

1. d4 f5 2. c4 e6 3. g3 c6 4. Bg2 Nf6 5. Nf3 Bb4+ 6. Bd2 Bxd2+ 7. Nbxd2 O-O 8.
Qc2 d5 9. O-O Bd7 10. Ne5 Be8 11. Ndf3 Nbd7 12. cxd5 cxd5 13. Rac1 Bh5 14. Ng5
Re8 15. f3 Nxe5 16. dxe5 Nd7 17. Nh3 Nxe5 18. e4 Rc8 19. Qb1 Nc4 20. Nf4 Nd2
21. Qd3 Nxf1 22. Rxc8 Qxc8 23. Nxh5 Nxg3 24. Nxg3 dxe4 25. fxe4 Rd8 26. Qb3
fxe4 27. Bxe4 Qc5+ 28. Kg2 Qb6 29. Qc2 g6 30. b3 Qa5 31. Qc4 Qxa2+ 32. Kh3 Qa6
33. Qc7 Qb6 34. Qe7 Rf8 35. b4 Rf7 36. Qe8+ Kg7 37. b5 a6 38. bxa6 bxa6 39. Bd3
a5 40. Bc4 Qe3 41. Bxe6 Qh6+ 42. Kg2 Qd2+ 43. Kh3 1/2-1/2

[Event "77 España ch 2012"]
[Site "Maspalomas ESP"]
[Date "2012.10.02"]
[Round "4.47"]
[White "Hernandez Diaz, Heriberto"]
[Black "Gonzalez Acosta, Pablo"]
[Result "1-0"]
[WhiteElo "1713"]
[BlackElo "1906"]
[PlyCount "89"]
[EventDate "2012.09.29"]
[EventType "swiss"]
[EventRounds "9"]
[EventCountry "ESP"]
[Source "lmi"]
[SourceDate "2012.09.29"]

1. e4 c5 2. f4 e6 3. Nf3 d6 4. c4 Nc6 5. d4 cxd4 6. Nxd4 Bd7 7. Be3 e5 8. Nb5
exf4 9. Bxf4 a6 10. Nxd6+ Bxd6 11. Qxd6 Qa5+ 12. Nc3 Rd8 13. Qc7 Qb4 14. O-O-O
Nf6 15. Bd6 Qa5 16. Qxa5 Nxa5 17. Bc7 Nc6 18. Bxd8 Kxd8 19. Be2 Kc7 20. Rd2 Kb8
21. Rhd1 Ne5 22. b3 Rc8 23. Kb1 Ka7 24. Bf3 Bc6 25. Nd5 Ng8 26. Nf4 Nf6 27. Rd4
g5 28. Nd5 g4 29. Nxf6 gxf3 30. gxf3 Nxf3 31. Rd8 Rc7 32. Rh8 Ng5 33. Rd4 Re7
34. Kb2 Nxe4 35. Nd5 Rd7 36. Rxh7 Nf6 37. Rg7 b5 38. Kc3 Bxd5 39. cxd5 Nxd5+
40. Kd2 Kb6 41. h4 Kc6 42. h5 Kc5 43. Rd3 Rd6 44. Rg5 Kc6 45. Rgxd5 1-0

[Event "77 España ch 2012"]
[Site "Maspalomas ESP"]
[Date "2012.10.02"]
[Round "4.49"]
[White "Sanabria Taskila, Daniel Krist"]
[Black "Quiza Vazquez, Carolina"]
[Result "0-1"]
[WhiteElo "1429"]
[BlackElo "1655"]
[PlyCount "122"]
[EventDate "2012.09.29"]
[EventType "swiss"]
[EventRounds "9"]
[EventCountry "ESP"]
[Source "lmi"]
[SourceDate "2012.09.29"]

1. e4 c6 2. Nc3 d5 3. d4 dxe4 4. Nxe4 Bf5 5. Ng3 Bg6 6. h4 h6 7. Nf3 Nd7 8. h5
Bh7 9. Bd3 Bxd3 10. Qxd3 Ngf6 11. Bf4 Qa5+ 12. Bd2 Qc7 13. a3 e6 14. Bb4 Bd6
15. Bxd6 Qxd6 16. Qb3 O-O 17. O-O b6 18. c4 c5 19. Rad1 cxd4 20. Rxd4 Qc7 21.
Rfd1 Rac8 22. Qc2 b5 23. b3 Nb6 24. Rc1 bxc4 25. bxc4 Qc5 26. Qc3 Rfd8 27. Rh4
Nbd5 28. Qd4 Qxd4 29. Nxd4 Nd7 30. Rc2 N5f6 31. Nb3 Nc5 32. Nxc5 Rxc5 33. Nf1
Rd3 34. Rh3 Rxh3 35. gxh3 Rxc4 36. Ne3 Rxc2 37. Nxc2 Nd5 38. Nb4 Nxb4 39. axb4
Kf8 40. Kf1 Ke7 41. Ke1 Kd6 42. Kd2 Kd5 43. Kc3 g5 44. f3 f5 45. Kd3 e5 46. b5
Kc5 47. Ke3 Kxb5 48. h4 gxh4 49. f4 exf4+ 50. Kxf4 a5 51. Kf3 a4 52. Kg2 a3 53.
Kh3 a2 54. Kg2 a1=Q 55. Kh2 Qc3 56. Kh1 Qc2 57. Kg1 Kc4 58. Kf1 Kd3 59. Kg1 h3
60. Kf1 Qe2+ 61. Kg1 Qg2# 0-1

[Event "77 España ch 2012"]
[Site "Maspalomas ESP"]
[Date "2012.10.02"]
[Round "4.50"]
[White "Suarez Fleitas, Alberto"]
[Black "Ramirez Maillo, Juan Adonay"]
[Result "0-1"]
[WhiteElo "1426"]
[BlackElo "1645"]
[PlyCount "64"]
[EventDate "2012.09.29"]
[EventType "swiss"]
[EventRounds "9"]
[EventCountry "ESP"]
[Source "lmi"]
[SourceDate "2012.09.29"]

1. e4 c5 2. Nf3 d6 3. d4 cxd4 4. Nxd4 Nf6 5. Bd3 Nc6 6. Nxc6 bxc6 7. O-O g6 8.
Be3 Bg7 9. c3 O-O 10. h3 Qc7 11. Nd2 Rb8 12. Qc2 Be6 13. Rfd1 Rfd8 14. Nf3 d5
15. exd5 Nxd5 16. Bd4 Nf4 17. Bf1 Bf5 18. Qc1 e5 19. Be3 Rxd1 20. Qxd1 Rxb2 21.
Bxf4 exf4 22. Nd4 Bd7 23. Bc4 c5 24. Nb3 Bxc3 25. Rc1 Be5 26. Rc2 Rxc2 27. Qxc2
f3 28. Nxc5 Bh2+ 29. Kf1 fxg2+ 30. Kxg2 Bc6+ 31. f3 Qg3+ 32. Kh1 Qg1# 0-1

[Event "77 España ch 2012"]
[Site "Maspalomas ESP"]
[Date "2012.10.02"]
[Round "4.53"]
[White "Nicolas Fernandez, Juan Antoni"]
[Black "Sanchez Ramirez, Gustavo"]
[Result "0-1"]
[WhiteElo "1417"]
[BlackElo "1591"]
[PlyCount "131"]
[EventDate "2012.09.29"]
[EventType "swiss"]
[EventRounds "9"]
[EventCountry "ESP"]
[Source "lmi"]
[SourceDate "2012.09.29"]

1. c4 d5 2. g3 Nf6 3. Bg2 e6 4. Nf3 Be7 5. O-O O-O 6. d4 dxc4 7. Nc3 c6 8. Ne5
Nbd7 9. Nxc4 Nb6 10. Ne5 Nfd5 11. e4 Nxc3 12. bxc3 Bf6 13. Ng4 Be7 14. a4 a5
15. Qb3 h5 16. Ne5 Bf6 17. Nf3 Be7 18. Rb1 Nd7 19. Bf4 Ra6 20. Qd1 Kh7 21. Ne5
g6 22. h4 Nxe5 23. Bxe5 Bf6 24. Bf4 Bg7 25. e5 f6 26. exf6 Qxf6 27. Re1 Qf7 28.
Be4 Kg8 29. Qe2 e5 30. Bd3 Ra8 31. Bxe5 Bxe5 32. dxe5 Be6 33. Rf1 Rad8 34. Rbd1
Bg4 35. f3 Bxf3 36. Rxf3 Qxf3 37. Qxf3 Rxf3 38. Bc4+ Rd5 39. Rxd5 cxd5 40.
Bxd5+ Rf7 41. e6 Re7 42. Kf2 Kg7 43. Ke3 Kf6 44. Kf4 Rg7 45. g4 hxg4 46. Kxg4
Rh7 47. c4 b6 48. Kh3 Rh5 49. Kg4 Re5 50. Kf4 Re1 51. Kg4 Ra1 52. e7 Kxe7 53.
Kg5 Rc1 54. h5 gxh5 55. Kxh5 Rc2 56. Bc6 Kd6 57. Bb5 Kc5 58. Kg5 Rc3 59. Kf4
Rxc4+ 60. Bxc4 Kxc4 61. Ke3 Kb4 62. Kd2 Kxa4 63. Kc2 b5 64. Kb2 Kb4 65. Ka2 a4
66. Kb2 0-1